00601nam a22001937a 4500003000900000008004100009040007100050082001800121100001800139245005800157260003800215300002500253440003800278650002400316650001400340650001500354650001200369700002600381AR-CdUCM190307b ||||| |||| 00| 0 spa d aMUNICIPALIDAD PROVINCIAL DEL CUSCOcBIBLIOTECA MUNICIPAL DEL CUSCO a891.36 /bT68 aTolstoi, Leon aLa Muerte de Ivan Ilich, El Diablo, El Padre Sergio / aMadrid :bSalvat Editores,c1969. a188 paginas ;c18cm. aBiblioteca Clasica Universal n36 aNovelas Españolas aSiglo XIX aLiteratura aHyspano aDiaz Plaja, Guillermo